01146nam a2200253Ia 450000100060000000300090000600800410001504000130005604000130006904100130008210000160009510000290011124500370014024500370017725000110021426000450022526000450027030000410031550004000035665000190075665000310077570000330080670000530083926708IT-RoPAU130308s9999 xx 000 0 und d aIT-RoPAU cIT-RoPAU aITALIANO aTeplov B.M. gCodice Aut. SPICS: 10373 aOrecchio musicale (L')-Fotocopie bOrecchio Musicale (L')-Fotocopie a1a ed. bs.e. (senza Editrice o non identificata) c1986 [1° Ed.:1986 - Ed.Ling.Originale:] a"57 p. (prefazione: no ; testo: 57)" aSensazione del Suono Musicale Sensibilità Differenziale All'Altezza del Suono Orecchio Assoluto Orecchio melodico e Senso tonale Orecchio Armonico rappresentazioni Uditive Musicali Senso del ritmo Percezione Musicale Astrazione Notale Psicologia e Pedagogia Acculturazione tonale Organizzazione Temporale della Percezione Musicale Apprensione Globale Distinta Percezione Musicale del Fanciullo aSAGGI MUSICALI eCodice materia Spics: 7011 aFrances RobertImberty Michel gCodice Aut. SPICS: 6478Codice Aut. SPICS: 5334